Normal view
MARC view
- MS-Career Counselling
Entry Topical Term
001 - CONTROL NUMBER
- control field: 123111
003 - CONTROL NUMBER IDENTIFIER
- control field: NUST
005 - DATE AND TIME OF LATEST TRANSACTION
- control field: 20240530154400.0
008 - FIXED-LENGTH DATA ELEMENTS
- fixed length control field: 240530|| aca||aabn | a|a d
040 ## - CATALOGING SOURCE
- Original cataloging agency: NUST
- Transcribing agency: NUST
150 ## - HEADING--TOPICAL TERM
- Topical term or geographic name entry element: MS-Career Counselling
670 ## - SOURCE DATA FOUND
- Source citation: Work cat.: (NUST): Sabir, Damiya 123110, Academic Advisory Services in Pakistani Universities: An Exploratory Study /
